000 00886pam a2200313 a 4500
999 _c2028
_d2028
001 013113156
003 Uk
005 20230301084945.0
008 050208s2005 enk j 000 1 eng
015 _aGBA514362
_2bnb
016 7 _a013113156
_2Uk
020 _a9780571226122 (pbk.) :
040 _aStDuBDS
_dUk
_dKH8
_cSTD
042 _aukblsr
082 0 4 _a823.914 HUG
_222
100 1 _aHughes, Ted,
_d1930-1998,
_eauthor.
245 1 4 _aThe iron man /
_cTed Hughes ; illustrated by Tom Gauld.
260 _aLondon :
_bFaber,
_c2005.
300 _a63 p. :
_bill.
_c20 cm.
336 _atext
_2rdacontent
337 _aunmediated
_2rdamedia
338 _avolume
_2rdacarrier
500 _aFormerly CIP.
_5Uk
650 0 _aGiants
_vFiction.
655 7 _aScience fiction.
_2gsafd
655 7 _aChildren's stories.
_2lcsh
700 1 _aGault, Tom,
_eillustrator.
942 _2ddc
_cNFIC